| 000 -CABECERA |
| Longitud fija campo de control |
00689nam a2200217 a 4500 |
| 001 - NÚMERO DE CONTROL |
| Número de control |
2128 |
| 003 - IDENTIFICADOR DEL NÚMERO DE CONTROL |
| Identificador del número de control |
CDMR |
| 005 - FECHA Y HORA DE LA ÚLTIMA TRANSACCIÓN |
| Fecha y hora de la última transacción |
20131205112706.0 |
| 008 - CÓDIGOS DE INFORMACIÓN DE LONGITUD FIJA |
| Códigos de información de longitud fija |
130130s1971||||||||||||||||||||||||||||d |
| 040 ## - FUENTE DE LA CATALOGACIÓN |
| Centro catalogador de origen |
CDMR |
| Lengua de catalogación |
cat |
| Centro transcriptor |
CDMR |
| 100 1# - PUNTO DE ACCESO PRINCIPAL-NOMBRE DE PERSONA |
| Nombre de persona |
Navarro Valls, Joaquin |
| 9 (RLIN) |
1585 |
| 245 13 - MENCIÓN DE TÍTULO |
| Título |
La manipulación publicitaria |
| Resto del título |
: una antropología del consumo |
| Mención de responsabilidad, etc. |
Joaquin Navarro Valls |
| 260 ## - PUBLICACIÓN, DISTRIBUCIÓN, ETC. (PIE DE IMPRENTA) |
| Lugar de publicación, distribución, etc. |
Barcelona |
| Fecha de publicación, distribución, etc. |
1971 |
| Nombre del editor, distribuidor, etc. |
Dopesa |
| 300 ## - DESCRIPCIÓN FÍSICA |
| Extensión |
248 p ; |
| Dimensiones |
18 cm |
| 490 0# - MENCIÓN DE SERIE |
| Mención de serie |
Documento Periodístico |
| Designación de volumen o secuencia |
24 |
| 650 04 - PUNTO DE ACCESO ADICIONAL DE MATERIA - TÉRMINO DE MATERIA |
| 9 (RLIN) |
3091 |
| Término de materia o nombre geográfico como elemento inicial |
Llenguatge publicitari |
| 650 04 - PUNTO DE ACCESO ADICIONAL DE MATERIA - TÉRMINO DE MATERIA |
| 9 (RLIN) |
4463 |
| Término de materia o nombre geográfico como elemento inicial |
Publicitat |
| Subdivisión de materia general |
Aspectes psicològics |
| 650 04 - PUNTO DE ACCESO ADICIONAL DE MATERIA - TÉRMINO DE MATERIA |
| 9 (RLIN) |
166 |
| Término de materia o nombre geográfico como elemento inicial |
Publicitat |
| Subdivisión de materia general |
Aspectes ètics i morals |
| 650 04 - PUNTO DE ACCESO ADICIONAL DE MATERIA - TÉRMINO DE MATERIA |
| 9 (RLIN) |
3509 |
| Término de materia o nombre geográfico como elemento inicial |
Societat de consum |
| 942 ## - ENTRADA DE ELEMENTOS AGREGADOS (KOHA) |
| Koha [por defecto] tipo de item |
Monografies |
| Fuente de clasificaión o esquema |
|